Information Technology (Record no. 1851152)

MARC details
000 -LEADER
fixed length control field 00487nam a22001937a 4500
005 - DATE AND TIME OF LATEST TRANSACTION
control field 20260508110236.0
008 - FIXED-LENGTH DATA ELEMENTS--GENERAL INFORMATION
fixed length control field 260508b |||||||| |||| 00| 0 eng d
020 ## - INTERNATIONAL STANDARD BOOK NUMBER
International Standard Book Number 9788198333360
040 ## - CATALOGING SOURCE
Transcribing agency FLL
041 ## - LANGUAGE CODE
Source of code eng
Language code of text/sound track or separate title eng
084 ## - COLON CLASSIFICATION NUMBER
Classification number D65,8(B):(Z).2 R5
100 ## - MAIN ENTRY--PERSONAL NAME
Personal name Vakul Sharma
245 ## - TITLE STATEMENT
Title Information Technology
Remainder of title Law and Practice
250 ## - EDITION STATEMENT
Edition statement 9th.
260 ## - PUBLICATION, DISTRIBUTION, ETC.
Place of publication, distribution, etc. Gurgaon
Name of publisher, distributor, etc. Lexis Nexis
Date of publication, distribution, etc. 2025
300 ## - PHYSICAL DESCRIPTION
Extent lxii,860p
Other physical details Pb
650 ## - SUBJECT ADDED ENTRY--TOPICAL TERM
Topical term or geographic name entry element Cyber law
942 ## - ADDED ENTRY ELEMENTS (KOHA)
Source of classification or shelving scheme Colon Classification (CC)
Koha item type Textbook
650 ## - SUBJECT ADDED ENTRY--TOPICAL TERM
-- 702180
999 ## -
-- 1851152
-- 1851152

No items available.

Copyright @ Delhi University Library System